Turbina Banki
Guardado en:
| Autor principal: | |
|---|---|
| Otros Autores: | |
| Formato: | Desconocido |
| Publicado: |
[San José, Costa Rica]
1976
|
| Materias: | |
| Etiquetas: |
Agregar Etiqueta
Sin Etiquetas, Sea el primero en etiquetar este registro!
|
MARC
| LEADER | 00000 a2200000 4500 | ||
|---|---|---|---|
| 003 | 005184 | ||
| 005 | 20221231143744.0 | ||
| 008 | 140114s1976 c a m 000 ||s d | ||
| 040 | |c cru CEDI | ||
| 090 | |a TFG 1060 | ||
| 100 | |a González L, Luis Diego |9 15855 | ||
| 245 | |a Turbina Banki | ||
| 260 | |c 1976 |a [San José, Costa Rica] | ||
| 300 | |a 69 hojas ;ilustraciones | ||
| 500 | |a Trabajo de graduación (bachiller en ingeniería mecánica)--Universidad de Costa Rica. Escuela de Ingeniería Mecánica | ||
| 650 | |z TURBINA BANKI |9 15856 | ||
| 700 | |a Tanco Ch, Manuel Emilio |9 15857 | ||
| 942 | |c TFG | ||
| 999 | |c 11319 |d 11319 | ||
